Cruces de bohemia (Record no. 18971)

MARC details
000 -LEADER
campo de control de longitud fija 01066nam a2200289 4500
001 - NÚMERO DE CONTROL
campo de control 18971
003 - IDENTIFICADOR DE NÚMERO DE CONTROL
campo de control ES-MaACL
005 - FECHA Y HORA DE LA ÚLTIMA TRANSACCIÓN
campo de control 20250808011138.0
007 - CAMPO FIJO DE DESCRIPCIÓN FÍSICA--INFORMACIÓN GENERAL
campo de control de longitud fija t|
008 - DATOS DE LONGITUD FIJA--INFORMACIÓN GENERAL
campo de control de longitud fija 020218s2001 sp a |||| | spa j
020 ## - NÚMERO INTERNACIONAL ESTÁNDAR DEL LIBRO
Número Internacional Estándar del Libro 84-922683-3-6
080 ## - NÚMERO DE LA CLASIFICACIÓN DECIMAL UNIVERSAL
Número de la Clasificación Decimal Universal 821.134.2.09"19"
100 0# - ENTRADA PRINCIPAL--NOMBRE DE PERSONA
Nombre de persona Barreiro, Javier,
Fechas asociadas al nombre 1953-
9 (RLIN) 25892
245 10 - MENCIÓN DEL TÍTULO
Título Cruces de bohemia
Resto del título : Vidal y Planas, Noel, Retana, Gálvez, Dicenta y Barrantes /
Mención de responsabilidad, etc. Javier Barreiro ; [ilustraciones, Luis Ángel Blasco y Alberto Albericio, sobre el archivo del autor].
260 ## - PUBLICACIÓN, DISTRIBUCIÓN, ETC.
Lugar de publicación, distribución, etc. Zaragoza :
Nombre del editor, distribuidor, etc. UnaLuna,
Fecha de publicación, distribución, etc. [2001]
300 ## - DESCRIPCIÓN FÍSICA
Extensión 212 p :
Otras características físicas il ;
Dimensiones 20 cm.
490 1# - MENCIÓN DE SERIE
Mención de serie Colección Villa Dionysos ;
Designación de volumen o secuencia 1
504 ## - NOTA DE BIBLIOGRAFÍA, ETC.
Nota de bibliografía, etc. Bibliografía.
650 #4 - PUNTO DE ACCESO ADICIONAL DE MATERIA--TÉRMINO DE MATERIA
Término de materia o nombre geográfico como elemento de entrada Literatura española-
Subdivisión cronológica S.XX-
Subdivisión general Historia y crítica.
9 (RLIN) 141686
650 #4 - PUNTO DE ACCESO ADICIONAL DE MATERIA--TÉRMINO DE MATERIA
Término de materia o nombre geográfico como elemento de entrada Escritores españoles-
Subdivisión cronológica S.XX.
9 (RLIN) 12391
650 #7 - PUNTO DE ACCESO ADICIONAL DE MATERIA--TÉRMINO DE MATERIA
Término de materia o nombre geográfico como elemento de entrada Vida bohemia
Fuente del encabezamiento o término embne
9 (RLIN) 17789
700 1# - ENTRADA AGREGADA--NOMBRE PERSONAL
Nombre de persona Blasco, Luis Angel.
9 (RLIN) 29372
700 1# - ENTRADA AGREGADA--NOMBRE PERSONAL
Nombre de persona Albericio, Alberto.
9 (RLIN) 19285
830 0# - PUNTO DE ACCESO ADICIONAL DE SERIE-TÍTULO UNIFORME
Título uniforme Colección Villa Dionysos ;
Designación de volumen o secuencia 1
9 (RLIN) 228847
852 ## - LOCALIZACIÓN
Ubicación ES-MaACL
Número de control de estantería L-25436
Holdings
Estatus retirado Estado de pérdida Estado de daño No para préstamo Biblioteca de origen Biblioteca actual Ubicación en estantería Fecha de adquisición Fuente de adquisición Total de préstamos Signatura topográfica completa Código de barras Visto por última vez Precio de reemplazo Tipo de ítem Koha
        Biblioteca del Ateneo de Madrid Biblioteca del Ateneo de Madrid Depósito 2 17/01/2008     L-25436 1019409 23/02/2023 23/02/2023 Libro impreso